Access? No problem - a basic guide to the duties on service providers under Part III of the Disability Discrimination Act 1995 (Record no. 74303)

MARC details
000 -LEADER
fixed length control field 00954cam a2200181 4500
001 - CONTROL NUMBER
control field X125593
008 - FIXED-LENGTH DATA ELEMENTS--GENERAL INFORMATION
fixed length control field 040325n2004 000 0 eng u
035 ## - SYSTEM CONTROL NUMBER
System control number (Sirsi) u125593
110 ## - MAIN ENTRY--CORPORATE NAME
Corporate name or jurisdiction name as entry element Royal Institution of Chartered Surveyors
Subordinate unit Facilities Management Faculty
9 (RLIN) 4295
245 ## - TITLE STATEMENT
Title Access? No problem - a basic guide to the duties on service providers under Part III of the Disability Discrimination Act 1995
260 ## - PUBLICATION, DISTRIBUTION, ETC.
Date of publication, distribution, etc. 2004
490 ## - SERIES STATEMENT
Series statement RICS Facilities Management Faculty Feature
Volume/sequential designation 9 January 2004 (3)
520 ## - SUMMARY, ETC.
Summary, etc. Feature considering the implications of the Disability Discrimination Act 1995 Part III which comes into force 1 October 2004. Defines service provider and disabled person, and outlines what services providers need to do to ensure they comply with the Act. View at www.rics.org/.
650 ## - SUBJECT ADDED ENTRY--TOPICAL TERM
Topical term or geographic name entry element DISABILITY DISCRIMINATION ACT 1995 PART III
650 ## - SUBJECT ADDED ENTRY--TOPICAL TERM
Topical term or geographic name entry element SERVICE PROVIDERS
690 ## - LOCAL SUBJECT ADDED ENTRY--TOPICAL TERM (OCLC, RLIN)
Topical term or geographic name as entry element MANAGEMENT-FACILITIES MANAGEMENT
942 ## - ADDED ENTRY ELEMENTS (KOHA)
Suppress in OPAC 0
Holdings
Withdrawn status Lost status Source of classification or shelving scheme Damaged status Not for loan Home library Current library Shelving location Date acquired Total Checkouts Full call number Barcode Date last seen Copy number Price effective from Koha item type
    Dewey Decimal Classification     London London Journal article 25/03/2004   JOURNAL 125593-2001 06/08/2019 1 06/08/2019 Journal article